Jesus & Wong cilik : (Record no. 8148)
[ view plain ]
| 000 -LEADER | |
|---|---|
| fixed length control field | 00520 a2200169 4500 |
| 003 - CONTROL NUMBER IDENTIFIER | |
| control field | GBCCL |
| 005 - DATE AND TIME OF LATEST TRANSACTION | |
| control field | 20241126110644.0 |
| 008 - FIXED-LENGTH DATA ELEMENTS--GENERAL INFORMATION | |
| fixed length control field | 190409b ||||| |||| 00| 0 eng d |
| 040 ## - CATALOGING SOURCE | |
| Transcribing agency | gbc |
| 082 ## - DEWEY DECIMAL CLASSIFICATION NUMBER | |
| Classification number | 230.0464 |
| Item number | WID |
| 100 ## - MAIN ENTRY--PERSONAL NAME | |
| Personal name | Widyatmadja, Josef Purnama |
| 9 (RLIN) | 14170 |
| 245 ## - TITLE STATEMENT | |
| Title | Jesus & Wong cilik : |
| Remainder of title | transformative Diakonia , Theology with the marginalized people of Asia |
| 260 ## - PUBLICATION, DISTRIBUTION, ETC. | |
| Place of publication, distribution, etc. | Kolkata: |
| Name of publisher, distributor, etc. | PTCA/SCEPTRE, |
| Date of publication, distribution, etc. | 2015 |
| 300 ## - PHYSICAL DESCRIPTION | |
| Extent | 200p. ; |
| 650 ## - SUBJECT ADDED ENTRY--TOPICAL TERM | |
| Topical term or geographic name entry element | Comtextual theology |
| Form subdivision | poor people |
| Geographic subdivision | Asia |
| 9 (RLIN) | 14171 |
| 942 ## - ADDED ENTRY ELEMENTS (KOHA) | |
| Source of classification or shelving scheme | Dewey Decimal Classification |
| Koha item type | Books |
| Withdrawn status | Lost status | Source of classification or shelving scheme | Damaged status | Not for loan | Home library | Current Library | Shelving location | Date acquired | Source of acquisition | Cost, normal purchase price | Total checkouts | Full call number | Barcode | Date last seen | Copy number | Cost, replacement price | Price effective from | Koha item type |
|---|---|---|---|---|---|---|---|---|---|---|---|---|---|---|---|---|---|---|
| Dewey Decimal Classification | GRACE BIBLE COLLEGE | GRACE BIBLE COLLEGE | Theology | 2019-04-04 | 11 | 320.00 | 230.0464 WID | 014965 | 2025-05-01 | c.1 | 400.00 | 2019-04-04 | Books |